Ekonomická analýza súčasného stavu vybraných zdravotníckych služieb a možnosti jej transformácie
Slovenské zdravotníctvo na ceste transformácie. Východiská a metódy ekonomickej analýzy. Zdravotnícky odbor psychiatrickej starostlivosti ako oblasť skúmanej problematiky. Postavenie psychiatrie na Slovensku. Súčasný stav psychiatrickej starostlivosti v regióne okresov Michalovce a Sobrance a možnos...
Salvato in:
| Autore principale: | |
|---|---|
| Natura: | Capitolo di libro |
| Lingua: | slovacco |
| Soggetti: | |
| Tags: |
Nessun Tag, puoi essere il primo ad aggiungerne!!
|
MARC
| LEADER | 00000naa$a2200000$$$4500 | ||
|---|---|---|---|
| 001 | 0015431 | ||
| 005 | 20240502071401.8 | ||
| 041 | 0 | |a slo | |
| 044 | |a SK | ||
| 245 | 1 | 0 | |a Ekonomická analýza súčasného stavu vybraných zdravotníckych služieb a možnosti jej transformácie |c Michal Stričík |
| 520 | |a Slovenské zdravotníctvo na ceste transformácie. Východiská a metódy ekonomickej analýzy. Zdravotnícky odbor psychiatrickej starostlivosti ako oblasť skúmanej problematiky. Postavenie psychiatrie na Slovensku. Súčasný stav psychiatrickej starostlivosti v regióne okresov Michalovce a Sobrance a možnosti jeho transformácie. Výsledky analýzy. | ||
| 610 | 2 | 0 | |a zdravotníctvo |
| 610 | 2 | 0 | |a transformácia |
| 610 | 2 | 0 | |a služby |
| 610 | 2 | 0 | |a starostlivosť zdravotná |
| 610 | 2 | 0 | |a psychiatria |
| 610 | 2 | 0 | |a financovanie |
| 610 | 2 | 0 | |a analýza ekonomická |
| 100 | 1 | |a Stričík, Michal, 1969- | |